|
|
|
|
| LEADER |
00000naa a2200000uu 4500 |
| 001 |
vtls010947091 |
| 003 |
SK-MaSNL |
| 005 |
20260302122152.0 |
| 008 |
210910|2002 xo |||||||||||||||||slo| |
| 015 |
|
|
|a SNBRA
|
| 035 |
|
|
|a (urnnbn)urn:nbn:sk:snk:ar-a0bglb
|
| 035 |
|
|
|a (uuid)91f352c6-3a31-48a6-903a-06433d9db7a8
|
| 035 |
|
|
|a urn:nbn:sk:snk-aau8pj
|
| 040 |
|
|
|a SNKBUCL
|b slo
|c SNKBUCL
|e AACR2
|
| 041 |
0 |
|
|a slo
|
| 044 |
|
|
|a xo
|c SK
|
| 100 |
1 |
|
|a Križová, Eva,
|d 1944-
|4 aut
|9 207641
|
| 245 |
1 |
0 |
|a PRIMÁRNA PRODUKCIA VYBRANÝCH BYLINNÝCH DRUHOV V LESNÝCH SPOLOČENSTVÁCH LUŽNÝCH LESOV
|c Eva Krížová
|
| 773 |
0 |
|
|t Ekológia a produktivita bylinnej vrstvy lesných ekosystémov
|d Bratislava : Ústav krajinnej ekológie SAV, 2002
|g S. 103-107
|z 8096812092
|
| 958 |
|
|
|a OND
|
| 958 |
|
|
|a article11
|
| 958 |
|
|
|a chapter
|
| 999 |
|
|
|c 1276821
|d 1278751
|